000 00683nam a2200229 4500
001 72923
003 ES-MaACL
005 20251108153258.0
007 t|
008 040903s1930 sp |||| |bspa d
080 _a821.134.2-31"19"
100 1 _aGorkin, Julián.
_959188
245 1 0 _aDías de bohemia :
_bnovela /
_cJ.G. Gorkin ; [prólogo de Henri Barbusse].
260 _aMadrid :
_bUlises,
_c1930.
300 _a243 p., [1] h. de lám. retr. ;
_c19 cm.
650 7 _aVida bohemia
_2embne
_917789
700 1 _aBarbusse, Henri,
_d1873-1935
_925487
700 1 _aPuyol, Ramón.
_9145346
852 _aES-MaACL
_jB-3671
942 _2udc
999 _c72923
_d72923